| 000 | 00800nam a22002057a 4500 | ||
|---|---|---|---|
| 999 |
_c7349 _d7349 |
||
| 003 | AR-CdUCM | ||
| 008 | 190320b ||||| |||| 00| 0 spa d | ||
| 040 |
_aMUNICIPALIDAD PROVINCIAL DEL CUSCO _cBIBLIOTECA MUNICIPAL DEL CUSCO |
||
| 082 |
_a631.16 / _bM42 |
||
| 100 |
_aMéndez, María Julia _920707 |
||
| 245 | _aManual de Gestion para el Agro / | ||
| 260 |
_aLima : _bDESCO , _c1981. |
||
| 300 |
_a127 páginas ; _c20.5 cm. |
||
| 505 | _aContenido : Generalidades -- Las cuentas de la Contabilidad General o Financiera -- El Analisis Financiero -- La Contabilidad de Costos en las Empresas Campesinas Asociativas... | ||
| 650 |
_aGestion Agricola _920708 |
||
| 650 |
_aAgricultura Administrada _920709 |
||
| 650 |
_aAdministracion de la Agricultura _920710 |
||
| 942 |
_2ddc _cLIBROS |
||
| 945 | _artm | ||